000 01817cam a22004334i 4500
003 PE-LiUPU
005 20250731183409.0
008 171205s2013 sp a r0 000 0 spa d
020 _a9789200307867
035 _a(Sirsi) a240290
040 _aPE-LiUPU
_bspa
_cPE-LiUPU
_erda
041 1 _aspa
_apor
049 _aPRUA
082 0 4 _a711.585
_bR33
_223
245 0 0 _aRecopilación de trabajos sobre habitabilidad básica para la maestría en "planteamiento y gestion de asentamientos informles" /
_cLuis Lage, Julián Salas (editores).
264 1 _aMadrid :
_b,
_c2013.
300 _a354 páginas :
_bilustraciones ;
_c30 centímetros.
336 _atext
_2rdacontent
337 _aunmediated
_2rdamedia
338 _avolume
_2rdacarrier
505 0 _aConceptos y contenidos de la habilidad básica -- Ponencias y poresentaciones de las jornardas de sensibilización sobre habilidades básicas en la uem-fapf de maputo -- Contenidos de la exposición habilidad básica para todos -- Dotación bibliográfica sobre habilidad básica.
526 _aP158
526 _aP146
526 _aP17
526 _aP12
526 _aP06
526 8 _iPrograma académico :
_5PE-LiUPU
541 _g003-1758;
650 0 4 _aAsentamientos informales.
650 0 4 _aPlaneamiento y gestión.
650 0 4 _aInformal settlements.
650 0 4 _aPlanning and management.
700 1 _aLage, Luis,
_eeditor.
700 1 _aSalas, Julián,
_eeditor.
910 _adbm
_bksl
_cksl
_d20171205
596 _a1
942 _2ddc
_cBOOK
999 _a711.585 R33
_wLC
_c25954
_i77389
_d25954
_f2021-11-9
_g4
_lCCODEBUL1
_mBUL
_p29.34
_q1
_r0
_sY
_tBOOK
_u2017-12-4
_xINGENIERIA
_PP06
_0COMPRA
_o.STAFF. Colección Ingeniería y Arquitectura
980 _81
_gALBERTO SANCHEZ Responsable de Automatización